00814pab a2200169 454500008004000000100004000040245009800080260000900178300001600187362001100203520023400214650003000448773003400478909001000512999001700522952010500539180718b2002 xxu||||| |||| 00| 0 eng d aKathuria, Vinish and Khan, Nisar A. aEnvironmental compliance versus growth: lessons from Malaysia's Regulations on Palm Oil Mills c2002 ap.3993-999. a28 Sep aStringent regulations to control pollution due to effluents have not stifled the growth of the palm oil industry in Malaysia; rather, they have complemented the industry's efforts to innovate and remain competitive. - Reproduced. aEnvironmental legislation aEconomic and Political Weekly a53977 c53977d53977 00104070aIIPAbIIPAd2018-07-19hVolume no: 37, Issue no: 39pAR54422r2018-07-19w2018-07-19yAR